[Event "Robinson"]
[Site "?"]
[Date "2019.07.24"]
[Round "5.13"]
[White "Brandsma, Romayn"]
[Black "Bottazzi, Ulysse"]
[Result "1/2-1/2"]
[WhiteElo "1957"]
[BlackElo "2041"]
[PlyCount "72"]
[EventDate "2019.??.??"]

1. e4 c5 2. c3 Nf6 3. e5 Nd5 4. d4 cxd4 5. cxd4 e6 6. Bc4 Nb6 7. Bb3 d5 8. Nf3
Be7 9. O-O Nc6 10. Nc3 Bd7 11. Bf4 O-O 12. Bc2 Rc8 13. Rc1 Nc4 14. b3 Na3 15.
Bd3 Nb4 16. Be2 Qa5 17. Bd2 a6 18. Ne1 Nb5 19. Nxb5 Rxc1 20. Qxc1 Bxb5 21. Bxb5
Qxb5 22. a4 Qb6 23. Qb2 Rc8 24. Bxb4 Bxb4 25. Nf3 Qc7 26. Rb1 h6 27. h3 Kh7 28.
Kf1 Qc2 29. Qxc2+ Rxc2 30. Kg1 Kg6 31. Nh4+ Kh7 32. Nf3 g5 33. Kf1 Kg6 34. g4
Kg7 35. Ng1 f6 36. exf6+ Kxf6 1/2-1/2

[Event "Robinson"]
[Site "?"]
[Date "2019.07.24"]
[Round "5.14"]
[White "Verhille, Elie"]
[Black "Achuthan, Dylan"]
[Result "1/2-1/2"]
[WhiteElo "1998"]
[BlackElo "1909"]
[PlyCount "80"]
[EventDate "2019.??.??"]

1. e4 c5 2. Nf3 Nc6 3. Bb5 e6 4. O-O Nge7 5. Re1 a6 6. Bf1 d5 7. exd5 Nxd5 8.
d4 Nf6 9. Be3 Be7 10. h3 O-O 11. c3 Nd5 12. dxc5 Nxe3 13. Qxd8 Rxd8 14. Rxe3
Bxc5 15. Rd3 Rxd3 16. Bxd3 b5 17. Nbd2 Bb7 18. Ne4 Be7 19. Rd1 Rd8 20. Ng3 Bf6
21. Rd2 g6 22. Be4 Rxd2 23. Nxd2 Kg7 24. Kf1 h5 25. Nb3 Be7 26. Bf3 Nd8 27. Ke2
Bxf3+ 28. Kxf3 f5 29. Ke2 Nc6 30. Nf1 e5 31. Ne3 Kf7 32. Nd5 Bd6 33. Nd2 Ke6
34. Ne3 e4 35. Nc2 Ne5 36. Ne1 g5 37. f3 exf3+ 38. Nexf3 g4 39. Nd4+ Kf6 40.
hxg4 hxg4 1/2-1/2

[Event "Robinson"]
[Site "?"]
[Date "2019.07.24"]
[Round "5.15"]
[White "Kutchoukov, Daniel"]
[Black "Hasseine, Madiane"]
[Result "0-1"]
[WhiteElo "1845"]
[BlackElo "1971"]
[PlyCount "46"]
[EventDate "2019.??.??"]

1. e4 c5 2. Nf3 Nc6 3. Bb5 d6 4. O-O Bd7 5. Re1 Nf6 6. c3 a6 7. Bf1 Bg4 8. d4
cxd4 9. cxd4 e5 10. d5 Nd4 11. Be3 Nxf3+ 12. gxf3 Bd7 13. Nd2 b5 14. a4 bxa4
15. Nc4 Rb8 16. f4 Ng4 17. Bh3 Qh4 18. Bxg4 Bxg4 19. f3 Bd7 20. fxe5 dxe5 21.
Nxe5 Bd6 22. f4 Rxb2 23. Nf3 Qg4+ 0-1

[Event "Robinson"]
[Site "?"]
[Date "2019.07.24"]
[Round "5.16"]
[White "Kien, Clovis"]
[Black "Yeh, Timo"]
[Result "1/2-1/2"]
[WhiteElo "1675"]
[BlackElo "1882"]
[PlyCount "135"]
[EventDate "2019.??.??"]

1. d4 d5 2. c4 e6 3. Nc3 Nf6 4. Nf3 Bb4 5. Bd2 O-O 6. e3 Nbd7 7. Bd3 a6 8. cxd5
exd5 9. Qb3 Bxc3 10. Bxc3 c5 11. dxc5 Nxc5 12. Qc2 Nfe4 13. Bb4 Nxd3+ 14. Qxd3
Re8 15. O-O a5 16. Bc3 Bf5 17. Qd4 Nxc3 18. Qxc3 Be4 19. Ne1 Qc8 20. Rc1 Qxc3
21. Rxc3 Rac8 22. Ra3 b6 23. Rb3 Rc6 24. Nf3 Bxf3 25. gxf3 f6 26. Rd1 Rd8 27.
Rbd3 Rc2 28. R1d2 Rxd2 29. Rxd2 Kf7 30. Rc2 d4 31. exd4 Rxd4 32. Rc7+ Kg6 33.
Rb7 Rb4 34. b3 Kh6 35. Kg2 g5 36. f4 gxf4 37. Kf3 Kg6 38. Rb8 Kf5 39. Rh8 a4
40. bxa4 Rxa4 41. Rxh7 Ra3+ 42. Kg2 Rxa2 43. Rh5+ Kg4 44. Rh3 Rb2 45. Rd3 b5
46. h3+ Kg5 47. Rd5+ f5 48. Rd8 b4 49. Rg8+ Kf6 50. h4 Rc2 51. Rb8 Rc4 52. Rb6+
Ke5 53. h5 Kd4 54. h6 Kc3 55. h7 Rc8 56. Kf3 Rh8 57. Rb7 b3 58. Kxf4 b2 59.
Kxf5 Rxh7 60. Rxb2 Kxb2 61. f4 Rh1 62. Ke6 Kc3 63. f5 Kd4 64. f6 Re1+ 65. Kd6
Rf1 66. Ke7 Ke5 67. f7 Rxf7+ 68. Kxf7 1/2-1/2

[Event "Robinson"]
[Site "?"]
[Date "2019.07.24"]
[Round "5.17"]
[White "Boghossian, Wahe"]
[Black "Tokplo, Victoria"]
[Result "0-1"]
[WhiteElo "1732"]
[BlackElo "1593"]
[PlyCount "71"]
[EventDate "2019.??.??"]

1. e4 c5 2. Nf3 d6 3. d4 cxd4 4. Nxd4 Nf6 5. Nc3 g6 6. Be2 Bg7 7. Be3 O-O 8.
O-O Nc6 9. f3 Bd7 10. Qd2 a6 11. Nd1 b5 12. c4 Nxd4 13. Bxd4 Qb8 14. c5 Bc6 15.
cxd6 exd6 16. Qc3 Rc8 17. Qe3 Qb7 18. Nf2 Re8 19. Rac1 Rac8 20. Rfd1 Re6 21.
Qb3 Nd7 22. Be3 Nb6 23. Qb4 Rd8 24. Qa5 Rb8 25. Qxb6 Qxb6 26. Bxb6 Rxb6 27. Rc2
Bb7 28. Nh3 Bh6 29. Rd3 Re8 30. Kf2 Rc8 31. Rxc8+ Bxc8 32. g4 Rc6 33. Bd1 Be6
34. a3 Bc1 35. b4 Bc4 36. Rc3 0-1

[Event "Robinson"]
[Site "?"]
[Date "2019.07.24"]
[Round "5.18"]
[White "Lesage, Margot"]
[Black "Catalan, Ciro"]
[Result "1/2-1/2"]
[WhiteElo "1520"]
[BlackElo "1519"]
[PlyCount "80"]
[EventDate "2019.??.??"]

1. e4 c5 2. Nf3 g6 3. d4 cxd4 4. Nxd4 Nc6 5. Nc3 Bg7 6. Be3 Nf6 7. f3 O-O 8.
Qd2 d5 9. Nxc6 bxc6 10. exd5 Nxd5 11. Nxd5 cxd5 12. c3 Qa5 13. Bh6 Bxh6 14.
Qxh6 d4 15. Qd2 Qb6 16. cxd4 Rd8 17. Rd1 Qe6+ 18. Qe2 Qxa2 19. Qxe7 Bf5 20. Qa3
Qe6+ 21. Be2 Qb6 22. d5 Rac8 23. Kf1 Bc2 24. Rd2 Bb3 25. g3 Bxd5 26. Rd3 Rc1+
27. Kg2 Rxh1 28. Kxh1 Qf2 29. Qe7 Rc8 30. Qe3 Qe1+ 31. Kg2 Qa5 32. Qe7 Be6 33.
Qa3 Qb6 34. Rd6 Qc7 35. Ra6 Qc2 36. Qd3 Qxb2 37. Ra4 Rc3 38. Qd8+ Kg7 39. Qd4+
Kg8 40. Qd8+ Kg7 1/2-1/2

[Event "Bernadette Stokes Cup 2019"]
[Site "?"]
[Date "2019.07.22"]
[Round "1.5"]
[White "Stephan, Chloe"]
[Black "Kumar, Ishan"]
[Result "0-1"]
[WhiteElo "1464"]
[BlackElo "1146"]
[PlyCount "112"]
[EventDate "2019.??.??"]

1. d4 Nf6 2. Nf3 g6 3. c4 Bg7 4. Nc3 O-O 5. e4 d6 6. Be2 Nbd7 7. O-O e5 8. Bg5
h6 9. Be3 Re8 10. Qc2 b6 11. Rfd1 Bb7 12. d5 Ng4 13. Qd2 Nxe3 14. Qxe3 a5 15.
a3 a4 16. Ne1 Nc5 17. Rab1 Qd7 18. Nd3 Nb3 19. Rf1 Ba6 20. Nc1 Nd4 21. b3 axb3
22. Nxb3 Nxe2+ 23. Qxe2 c6 24. Na4 Rab8 25. Rfc1 cxd5 26. Nb2 dxc4 27. Nxc4 Qe6
28. Nbd2 Rec8 29. Qd3 Rc6 30. Qb3 Rbc8 31. f3 Bxc4 32. Nxc4 Rxc4 33. Rxc4 Qxc4
34. Qxb6 Qc5+ 35. Qxc5 Rxc5 36. Ra1 d5 37. exd5 Rxd5 38. Ra2 Ra5 39. Kf2 Ra4
40. Ke3 Bf8 41. Rc2 Rxa3+ 42. Ke4 Ra5 43. Rc8 f5+ 44. Ke3 Rc5 45. Rd8 Rc2 46.
Rd5 Rxg2 47. Rxe5 Rxh2 48. Re6 Kf7 49. Rc6 g5 50. Rc1 g4 51. fxg4 fxg4 52. Kf4
h5 53. Rg1 Bd6+ 54. Kg5 g3 55. Kf5 g2 56. Ke4 Bc5 0-1

[Event "Bernadette Stokes Cup 2019"]
[Site "?"]
[Date "2019.07.22"]
[Round "1.6"]
[White "Subramaniam, Ananth"]
[Black "Lazes, Alexia"]
[Result "0-1"]
[WhiteElo "1070"]
[BlackElo "1400"]
[PlyCount "136"]
[EventDate "2019.??.??"]

1. e4 c5 2. Nf3 Nc6 3. d4 cxd4 4. Nxd4 g6 5. Nc3 Bg7 6. Nf3 d6 7. Be2 Nf6 8.
Bg5 O-O 9. O-O a6 10. Qd2 Re8 11. Rad1 Qc7 12. h3 b5 13. a3 Bb7 14. Qe3 Nd8 15.
e5 dxe5 16. Qxe5 Qxe5 17. Nxe5 Ne4 18. Nxe4 Bxe4 19. Bd3 Ne6 20. Bxe4 Nxg5 21.
Bxa8 Rxa8 22. Rfe1 Rc8 23. c3 h6 24. Rd7 e6 25. h4 Bxe5 26. Rxe5 Nh7 27. Ra7
Rc6 28. Ra8+ Kg7 29. h5 Rd6 30. Kf1 Ng5 31. hxg6 Kxg6 32. Rg8+ Kf6 33. Re2 Rd1+
34. Re1 Rd2 35. Re2 Rd1+ 36. Re1 Rd2 37. Rb1 Ne4 38. f3 Ng5 39. Ra8 Rd6 40. b3
Rd3 41. Rxa6 Rxc3 42. Rb6 h5 43. Rxb5 h4 44. Rb4 h3 45. Rh4 Nxf3 46. gxf3 Rxf3+
47. Ke2 Rg3 48. Rf1+ Kg5 49. Rh8 Rxb3 50. Rf3 Rb2+ 51. Ke3 Rb3+ 52. Kf2 Rb2+
53. Ke3 Rb3+ 54. Ke4 f5+ 55. Rxf5+ exf5+ 56. Ke5 Rxa3 57. Rg8+ Kh4 58. Kf4 Ra4+
59. Kxf5 h2 60. Ke5 Ra5+ 61. Kf4 h1=Q 62. Rg4+ Kh5 63. Rg8 Qf1+ 64. Ke3 Re5+
65. Kd4 Qf4+ 66. Kc3 Re3+ 67. Kb2 Qf2+ 68. Kc1 Re1# 0-1

[Event "Bernadette Stokes Cup 2019"]
[Site "?"]
[Date "2019.07.22"]
[Round "1.7"]
[White "Chung, Ethan Cheung Jing"]
[Black "Van Arendonk, Polle"]
[Result "1-0"]
[WhiteElo "1572"]
[BlackElo "1617"]
[PlyCount "61"]
[EventDate "2019.??.??"]

1. e4 e6 2. d4 d5 3. e5 c5 4. c3 Nc6 5. Be3 Qb6 6. Qd2 Bd7 7. Nf3 f6 8. Bd3 c4
9. Be2 fxe5 10. Nxe5 Nf6 11. O-O Ne4 12. Qc2 Bd6 13. Nxc4 dxc4 14. Qxe4 Qxb2
15. Nd2 Qxc3 16. Nxc4 Ba3 17. d5 Ne7 18. dxe6 Bc6 19. Qg4 Qb4 20. Rab1 Qa4 21.
Qxg7 Rg8 22. Qf7+ Kd8 23. Rfd1+ Kc8 24. f3 Qc2 25. Bf1 Qc3 26. Rb3 Qc2 27. Rxa3
Qxd1 28. Nb6+ axb6 29. Rxa8+ Kc7 30. Qxe7+ Bd7 31. Rxg8 1-0

[Event "Bernadette Stokes Cup 2019"]
[Site "?"]
[Date "2019.07.22"]
[Round "1.13"]
[White "Venkatesan, Kavin"]
[Black "Kolani, Arjun"]
[Result "1/2-1/2"]
[WhiteElo "1797"]
[BlackElo "1699"]
[PlyCount "44"]
[EventDate "2019.??.??"]

1. d4 Nf6 2. c4 g6 3. Nc3 d5 4. cxd5 Nxd5 5. Bd2 Bg7 6. e4 Nb6 7. Be3 c5 8.
dxc5 N6d7 9. Bd4 Ne5 10. Bb5+ Bd7 11. Bxd7+ Qxd7 12. Nge2 Nbc6 13. Bxe5 Nxe5
14. O-O Nd3 15. Nd5 Nxb2 16. Qb3 Na4 17. Rac1 e6 18. Nc7+ Qxc7 19. Qxa4+ Qd7
20. c6 bxc6 21. Rfd1 Qb7 22. Rxc6 O-O 1/2-1/2

[Event "Bernadette Stokes Cup 2019"]
[Site "?"]
[Date "2019.07.22"]
[Round "1.14"]
[White "Sandhu, Manvith"]
[Black "Brozynski, Patryk"]
[Result "1/2-1/2"]
[WhiteElo "1682"]
[BlackElo "1623"]
[PlyCount "86"]
[EventDate "2019.??.??"]

1. e4 c5 2. Nf3 e6 3. d4 cxd4 4. Nxd4 a6 5. c4 Bb4+ 6. Nc3 Nf6 7. Qc2 e5 8. Nf5
O-O 9. Bd3 d6 10. O-O Nc6 11. Bg5 Be6 12. Qb3 Bxc3 13. Qxc3 Rc8 14. Bxf6 gxf6
15. Be2 Bxf5 16. exf5 Nd4 17. Rfe1 d5 18. c5 Qd7 19. Bg4 Kh8 20. Rac1 Rg8 21.
Qh3 Rg5 22. Rcd1 Rcg8 23. f3 Qb5 24. Qh6 Qc6 25. b4 Nc2 26. Re2 Nxb4 27. a3
Qxc5+ 28. Kh1 Nd3 29. Qxf6+ R5g7 30. Qh4 Nf4 31. Red2 Qe3 32. f6 Rg5 33. Qe1
Qxe1+ 34. Rxe1 h5 35. g3 hxg4 36. gxf4 exf4 37. fxg4 Rxg4 38. Rxd5 R8g5 39.
Rxg5 Rxg5 40. Re7 f3 41. Rxb7 f2 42. Rb1 Rf5 43. Kg2 Rxf6 1/2-1/2

[Event "Bernadette Stokes Cup 2019"]
[Site "?"]
[Date "2019.07.22"]
[Round "1.15"]
[White "Renji, Rafael Ninan"]
[Black "Buanne, Luca"]
[Result "1/2-1/2"]
[WhiteElo "1470"]
[BlackElo "1636"]
[PlyCount "136"]
[EventDate "2019.??.??"]

1. d4 Nf6 2. Bg5 d5 3. Bxf6 exf6 4. e3 Bf5 5. Nf3 Be7 6. Bd3 Bxd3 7. Qxd3 O-O
8. O-O c6 9. Nbd2 Na6 10. c3 Nc7 11. Rfe1 Ne6 12. b4 Qd7 13. Nb3 Ng5 14. Nxg5
fxg5 15. Nc5 Bxc5 16. dxc5 Rad8 17. Rad1 Rfe8 18. e4 Qe7 19. e5 f6 20. e6 b6
21. cxb6 axb6 22. Rd2 Rd6 23. Rde2 Qb7 24. h3 Re7 25. a4 Qc8 26. Qf5 Qa6 27.
Qc2 Qc4 28. Qb2 g4 29. h4 g3 30. fxg3 Qg4 31. Kh2 Rdxe6 32. Rxe6 Rxe6 33. Rxe6
Qxe6 34. a5 Qc8 35. axb6 Qb7 36. Qf2 Kf7 37. Qc5 Ke6 38. Qe3+ Kd7 39. Qd4 Kc8
40. Qc5 Qd7 41. Qa5 Qb7 42. Qc5 Qd7 43. c4 dxc4 44. Qxc4 Kb7 45. Qc5 Qd8 46. b5
Qxb6 47. Qe7+ Qc7 48. bxc6+ Kxc6 49. Qe4+ Kd6 50. Qxh7 Ke6 51. Qe4+ Kf7 52. Qf4
Qc5 53. Qa4 Kg6 54. Qe8+ Kh6 55. Qh8+ Kg6 56. Qe8+ Kh6 57. Qe4 g5 58. Qe6 Kg6
59. Qe4+ Qf5 60. Qxf5+ Kxf5 61. Kh3 Kg6 62. Kg4 f5+ 63. Kf3 Kh5 64. hxg5 Kxg5
65. Ke3 Kg4 66. Kf2 f4 67. gxf4 Kxf4 68. g3+ Kg4 1/2-1/2

[Event "Bernadette Stokes Cup 2019"]
[Site "?"]
[Date "2019.07.22"]
[Round "1.16"]
[White "Usharovsky, Tom"]
[Black "Wang, Eric"]
[Result "1/2-1/2"]
[WhiteElo "1549"]
[BlackElo "1341"]
[PlyCount "64"]
[EventDate "2019.??.??"]

1. c4 e5 2. Nc3 Nf6 3. g3 Bc5 4. Bg2 Nc6 5. e3 d6 6. Nge2 Bf5 7. a3 Qd7 8. b4
Bb6 9. O-O Bh3 10. Re1 O-O 11. Bh1 Rfe8 12. Bb2 Ng4 13. Qc2 Qe6 14. Nd5 Qh6 15.
d4 Nxh2 16. c5 Qh5 17. Qe4 exd4 18. Qh4 Nf3+ 19. Bxf3 Qxf3 20. Qxh3 dxc5 21.
Qg2 Qxg2+ 22. Kxg2 dxe3 23. fxe3 cxb4 24. axb4 Rad8 25. Nec3 Ne5 26. e4 Nd3 27.
Re2 c6 28. Nxb6 axb6 29. Ba3 Ne5 30. Na4 Nc4 31. Nb2 Ne5 32. Rc1 b5 1/2-1/2

[Event "Bernadette Stokes Cup 2019"]
[Site "?"]
[Date "2019.07.22"]
[Round "1.17"]
[White "He, Andrew"]
[Black "Chen, Daniel Xingyu"]
[Result "0-1"]
[WhiteElo "1213"]
[BlackElo "1438"]
[PlyCount "48"]
[EventDate "2019.??.??"]

1. d4 Nf6 2. c4 e5 3. d5 Bc5 4. Nc3 a6 5. e4 O-O 6. Nf3 Ng4 7. Bg5 Qe8 8. Bh4
f6 9. h3 Nh6 10. Bd3 d6 11. O-O Qg6 12. Bg3 Qxg3 13. b4 Bxh3 14. Ne1 Ng4 15.
Qxg4 Bxf2+ 16. Rxf2 Bxg4 17. Rc1 Bd7 18. c5 dxc5 19. bxc5 c6 20. d6 Be6 21. Rb1
Nd7 22. Rf3 Qh4 23. g3 Qg5 24. Rxb7 Qc1 0-1

[Event "Bernadette Stokes Cup 2019"]
[Site "?"]
[Date "2019.07.22"]
[Round "1.18"]
[White "Gardiner, Ethan"]
[Black "Arshakyan, Arman"]
[Result "1-0"]
[WhiteElo "1344"]
[BlackElo "1451"]
[PlyCount "107"]
[EventDate "2019.??.??"]

1. e4 c6 2. Ne2 d5 3. e5 c5 4. c3 Nc6 5. d4 cxd4 6. cxd4 Bf5 7. Ng3 Bg6 8. Bb5
e6 9. O-O a6 10. Bxc6+ bxc6 11. Qa4 Qd7 12. Be3 Qb7 13. Nd2 Ne7 14. Rac1 Qxb2
15. Rxc6 Qb5 16. Qxb5 axb5 17. Rb6 Rxa2 18. Rxb5 Bd3 19. Rb8+ Kd7 20. Rc1 Rc2
21. Nb3 Rxc1+ 22. Bxc1 Kc7 23. Ra8 Nc6 24. Ba3 Nb8 25. Nc5 Bxc5 26. Bxc5 Bg6
27. Ra7+ Kc6 28. Bd6 Rc8 29. Ra8 Kb7 30. Rxb8+ Rxb8 31. Bxb8 Kxb8 32. f4 Kc7
33. Kf2 Kc6 34. Ke3 Kb5 35. Ne2 Kc4 36. g4 Bd3 37. Ng3 Bc2 38. f5 Bd1 39. h3
Bc2 40. fxe6 fxe6 41. Nh5 Bg6 42. Nxg7 Bf7 43. g5 Kc3 44. h4 Kc2 45. h5 Kc3 46.
h6 Kc4 47. g6 Bxg6 48. Nxe6 Kb5 49. Nf8 Bf5 50. e6 Bxe6 51. Nxe6 Kc6 52. Nf8
Kd6 53. Nxh7 Ke7 54. Ng5 1-0

[Event "Bernadette Stokes Cup 2019"]
[Site "Carrickdale Hotel, County Lou"]
[Date "2019.07.22"]
[Round "2.5"]
[White "Kumar, Ishan"]
[Black "Chen, Daniel Xingyu"]
[Result "0-1"]
[WhiteElo "1146"]
[BlackElo "1438"]
[PlyCount "46"]
[EventDate "2019.??.??"]

1. e4 c5 2. Nf3 Nc6 3. d4 cxd4 4. Nxd4 g6 5. Nc3 Bg7 6. Be3 Nf6 7. Bc4 O-O 8.
O-O d6 9. h3 Bd7 10. Qd2 Rc8 11. Nxc6 Bxc6 12. Bd5 Bxd5 13. exd5 a6 14. Rab1
Nd7 15. Bd4 Bxd4 16. Qxd4 Qb6 17. Qe4 Rfe8 18. Rfe1 Ne5 19. Kf1 Nc4 20. Qg4
Nd2+ 21. Kg1 Nxb1 22. Nxb1 Rxc2 23. Qd7 Qxf2+ 0-1

[Event "Bernadette Stokes Cup 2019"]
[Site "Carrickdale Hotel, County Lou"]
[Date "2019.07.22"]
[Round "2.6"]
[White "Gardiner, Ethan"]
[Black "Subramaniam, Ananth"]
[Result "1-0"]
[WhiteElo "1344"]
[BlackElo "1070"]
[PlyCount "83"]
[EventDate "2019.??.??"]

1. e4 e5 2. Nf3 Nc6 3. Bc4 Bc5 4. c3 Nf6 5. d3 d5 6. exd5 Nxd5 7. Qb3 Nce7 8.
Qb5+ c6 9. Qxc5 b6 10. Qa3 Ng6 11. O-O Be6 12. Nbd2 Qd7 13. Ne4 Rd8 14. Bh6 f5
15. Bxg7 fxe4 16. dxe4 Qxg7 17. exd5 Nf4 18. g3 Bxd5 19. Bxd5 Rxd5 20. Kh1 Rg8
21. Qa4 b5 22. Qa6 e4 23. Qxc6+ Qd7 24. Qxd7+ Rxd7 25. Ne5 Re7 26. gxf4 Rf8 27.
Rg1 Rxf4 28. Rg8+ Rf8 29. Rxf8+ Kxf8 30. Nc6 Rf7 31. Kg2 Rg7+ 32. Kf1 Rf7 33.
Ke2 Rc7 34. Nd4 b4 35. Ne6+ Ke7 36. Nxc7 Kd7 37. Nd5 bxc3 38. bxc3 Kd6 39. c4
Kc5 40. Ke3 Kxc4 41. Kxe4 Kc5 42. f4 1-0

[Event "Bernadette Stokes Cup 2019"]
[Site "Carrickdale Hotel, County Lou"]
[Date "2019.07.22"]
[Round "2.7"]
[White "Van Arendonk, Polle"]
[Black "Venkatesan, Kavin"]
[Result "0-1"]
[WhiteElo "1617"]
[BlackElo "1797"]
[PlyCount "90"]
[EventDate "2019.??.??"]

1. e4 c5 2. Nf3 d6 3. d4 cxd4 4. Nxd4 Nf6 5. Nc3 a6 6. f4 e6 7. Nf3 Qc7 8. Bd3
Nc6 9. O-O Be7 10. Kh1 O-O 11. a4 b6 12. Qe1 Bb7 13. f5 exf5 14. exf5 Ne5 15.
Ne4 Nxd3 16. cxd3 Nxe4 17. dxe4 Bf6 18. Ra3 Rfe8 19. Re3 Re7 20. b3 Rae8 21.
Nd2 Bd4 22. Re2 d5 23. Ba3 Bc5 24. Bxc5 bxc5 25. e5 Rxe5 26. Qg3 Qb8 27. f6 g6
28. Rfe1 Rxe2 29. Rxe2 Qd8 30. Rxe8+ Qxe8 31. Nf3 d4 32. h3 Bxf3 33. Qxf3 h6
34. Qf4 Kh7 35. g4 Qe1+ 36. Kg2 Qe2+ 37. Kh1 Qd1+ 38. Kg2 Qxb3 39. Qc7 Qd5+ 40.
Kf2 d3 41. Qc8 Qd4+ 42. Ke1 Qe3+ 43. Kf1 Qf3+ 44. Kg1 d2 45. Qf8 d1=R+ 0-1

[Event "Bernadette Stokes Cup 2019"]
[Site "Carrickdale Hotel, County Lou"]
[Date "2019.07.22"]
[Round "2.8"]
[White "Brozynski, Patryk"]
[Black "Smeets, Kobe"]
[Result "1-0"]
[WhiteElo "1623"]
[BlackElo "1530"]
[PlyCount "43"]
[EventDate "2019.??.??"]

1. e4 c5 2. Nf3 e6 3. d4 cxd4 4. Nxd4 Nc6 5. Nc3 Qc7 6. Be3 a6 7. Be2 Nf6 8.
Qd2 Bb4 9. f3 Ne7 10. Rd1 d5 11. a3 Bxc3 12. bxc3 dxe4 13. O-O O-O 14. Bg5 Nfd5
15. c4 Nb6 16. Qb4 f6 17. Be3 Ng6 18. fxe4 e5 19. Nf5 Nd7 20. Nd6 b6 21. Bg4
Rd8 22. Be6+ 1-0

[Event "Bernadette Stokes Cup 2019"]
[Site "Carrickdale Hotel, County Lou"]
[Date "2019.07.22"]
[Round "2.9"]
[White "Verheij, Dana"]
[Black "Renji, Rafael Ninan"]
[Result "1-0"]
[WhiteElo "1497"]
[BlackElo "1470"]
[PlyCount "99"]
[EventDate "2019.??.??"]

1. e4 c5 2. Nf3 d6 3. d4 cxd4 4. Nxd4 Nf6 5. Nc3 a6 6. h3 e5 7. Nde2 Be7 8. g4
O-O 9. Bg2 Be6 10. a4 Nbd7 11. Be3 Rc8 12. O-O Nc5 13. b3 Qd7 14. Qd2 Rfd8 15.
Rad1 b5 16. a5 Qb7 17. Nd5 Bxd5 18. exd5 Ncd7 19. b4 Qc7 20. c3 Qc4 21. f4 Ne4
22. Bxe4 Qxe4 23. Ng3 Qc4 24. Nf5 Bf8 25. Rc1 Nf6 26. Bb6 Rd7 27. Ne3 Qe4 28.
g5 Nh5 29. Qg2 Qxg2+ 30. Nxg2 exf4 31. Nxf4 Nxf4 32. Rxf4 Be7 33. h4 Bd8 34. c4
Bxb6+ 35. axb6 Rb7 36. c5 Rxb6 37. cxb6 Rxc1+ 38. Rf1 Rc8 39. b7 Rb8 40. Rc1 g6
41. Rc8+ Rxc8 42. bxc8=Q+ Kg7 43. Qxa6 h6 44. Qxd6 hxg5 45. hxg5 Kg8 46. Qf6
Kh7 47. d6 Kg8 48. d7 Kh7 49. Qxf7+ Kh8 50. d8=R# 1-0

[Event "Bernadette Stokes Cup 2019"]
[Site "Carrickdale Hotel, County Lou"]
[Date "2019.07.22"]
[Round "2.10"]
[White "Wang, Eric"]
[Black "Van Dongen, Jesse"]
[Result "1-0"]
[WhiteElo "1341"]
[BlackElo "1460"]
[PlyCount "71"]
[EventDate "2019.??.??"]

1. e4 c5 2. Nf3 d6 3. d4 cxd4 4. Nxd4 Nf6 5. Nc3 a6 6. Bg5 e6 7. Bc4 b5 8. Bb3
Be7 9. O-O O-O 10. Re1 Nbd7 11. Nc6 Qe8 12. a4 Bb7 13. Nxe7+ Qxe7 14. axb5 Nc5
15. bxa6 Bxa6 16. Bxf6 gxf6 17. Re3 Kh8 18. Na4 Nxb3 19. Rxb3 Bb7 20. Nc3 Rg8
21. Rxa8 Bxa8 22. f3 f5 23. exf5 Qg5 24. Qe2 Qxf5 25. Ne4 Bxe4 26. Qxe4 Qc5+
27. Kf1 Qg5 28. f4 Qc5 29. Qd3 Rg4 30. g3 e5 31. fxe5 dxe5 32. Qf5 Qc4+ 33. Rd3
Re4 34. b3 Qc6 35. Qxf7 Qc8 36. Qf6+ 1-0

[Event "Bernadette Stokes Cup 2019"]
[Site "Carrickdale Hotel, County Lou"]
[Date "2019.07.22"]
[Round "2.13"]
[White "Gherghinoiu, Lucas"]
[Black "Chung, Ethan Cheung Jing"]
[Result "1-0"]
[WhiteElo "1940"]
[BlackElo "1572"]
[PlyCount "59"]
[EventDate "2019.??.??"]

1. e4 d5 2. exd5 Qxd5 3. Nc3 Qa5 4. d4 Nf6 5. Nf3 Bf5 6. Be2 e6 7. O-O Bd6 8.
Be3 Nbd7 9. Qd2 Bb4 10. Bd3 Bxc3 11. bxc3 Bg6 12. c4 Qxd2 13. Bxd2 Bxd3 14.
cxd3 O-O 15. Bf4 c6 16. Rfe1 Nb6 17. Rab1 Rac8 18. c5 Nbd5 19. Bd6 Rfe8 20.
Rxb7 a5 21. Ne5 Nb4 22. Re2 Nfd5 23. a3 Nc3 24. Rb2 Nbd5 25. Rxf7 Nb5 26. a4
Nxd6 27. cxd6 Rb8 28. Rbb7 Rxb7 29. Rxb7 Rd8 30. Nf7 1-0

[Event "Bernadette Stokes Cup 2019"]
[Site "Carrickdale Hotel, County Lou"]
[Date "2019.07.22"]
[Round "2.17"]
[White "Stephan, Chloe"]
[Black "Davies, Milo"]
[Result "0-1"]
[WhiteElo "1464"]
[BlackElo "1126"]
[PlyCount "112"]
[EventDate "2019.??.??"]

1. d4 d5 2. c4 e6 3. Nf3 c5 4. cxd5 exd5 5. Nc3 Nf6 6. Bg5 Be6 7. e3 Nc6 8. Bd3
c4 9. Be2 h6 10. Bh4 Be7 11. Qc2 O-O 12. a3 Ng4 13. Bg3 Re8 14. Nd2 Bh4 15. O-O
Bxg3 16. hxg3 Qg5 17. Nf3 Qh5 18. b3 Bf5 19. Qb2 Be4 20. Nh4 g5 21. Bxg4 Qxg4
22. f3 Qxg3 23. fxe4 gxh4 24. Nxd5 Red8 25. bxc4 h3 26. Kh1 Kf8 27. Rf3 hxg2+
28. Qxg2 Qxg2+ 29. Kxg2 Na5 30. Raf1 Rd7 31. Rc1 Rc8 32. c5 b6 33. Rf6 Kg7 34.
Rf5 bxc5 35. dxc5 Nb3 36. c6 Rxd5 37. exd5 Nxc1 38. Rf1 Nd3 39. Rd1 Ne5 40. e4
Nxc6 41. dxc6 Rxc6 42. Rd7 a6 43. Rd3 h5 44. Kh3 Rh6 45. e5 Kg6 46. Kh4 Kf5 47.
Rd5 Rh8 48. Rd7 Rf8 49. Ra7 Kxe5 50. Kxh5 f5 51. Rxa6 f4 52. Rc6 f3 53. Rc1 f2
54. Rf1 Ke4 55. Kg4 Rg8+ 56. Kh3 Kf3 0-1

[Event "Bernadette Stokes Cup 2019"]
[Site "Carrickdale Hotel, County Lou"]
[Date "2019.07.22"]
[Round "2.18"]
[White "Davies, Tom"]
[Black "Lazes, Alexia"]
[Result "1-0"]
[WhiteElo "1079"]
[BlackElo "1400"]
[PlyCount "101"]
[EventDate "2019.??.??"]

1. e4 c5 2. c3 g6 3. d4 cxd4 4. cxd4 d6 5. Nc3 Bg7 6. Nf3 Nf6 7. Bc4 O-O 8. O-O
Nc6 9. Be3 a6 10. a4 Bg4 11. h3 Bxf3 12. Qxf3 Rc8 13. b3 Na5 14. Qe2 Nxb3 15.
Ra3 Na5 16. Bd3 Rc7 17. Rb1 Qc8 18. Qd2 Nc4 19. Bxc4 Rxc4 20. Qd3 Rd8 21. Rbb3
Qc6 22. d5 Qc8 23. a5 Nd7 24. Na4 Ne5 25. Qb1 Nd7 26. Rxb7 Rc7 27. Rab3 Rxb7
28. Rxb7 Qa8 29. Ra7 Qc8 30. Qd3 Qb8 31. Rxa6 Rc8 32. Nb6 Nxb6 33. Rxb6 Qa8 34.
Qa6 Qxa6 35. Rxa6 Rb8 36. Rb6 Ra8 37. a6 Be5 38. g3 Kg7 39. Rc6 Kf6 40. a7 Bb2
41. Rc7 Ba3 42. Rb7 Bc5 43. Bxc5 dxc5 44. Kf1 c4 45. Ke2 Ke5 46. Rxe7+ Kd4 47.
Kd2 Rc8 48. Rb7 Ra8 49. d6 c3+ 50. Kc2 Kxe4 51. d7 1-0

[Event "Bernadette Stokes Cup 2019"]
[Site "?"]
[Date "2019.07.23"]
[Round "3.5"]
[White "Davies, Milo"]
[Black "Kumar, Ishan"]
[Result "1-0"]
[WhiteElo "1126"]
[BlackElo "1146"]
[PlyCount "71"]
[EventDate "2019.??.??"]

1. e4 e5 2. Nf3 Nc6 3. Bc4 Bc5 4. c3 Nf6 5. d4 exd4 6. cxd4 Bb4+ 7. Bd2 Bxd2+
8. Nbxd2 d6 9. h3 O-O 10. O-O h6 11. Qb3 Na5 12. Qe3 Nxc4 13. Nxc4 Re8 14. e5
dxe5 15. dxe5 Nd7 16. Rad1 Re6 17. Rfe1 Qe8 18. Qf4 Nb6 19. Re2 Nxc4 20. Qxc4
Rc6 21. Qh4 Bd7 22. Red2 Rd8 23. Qxd8 Qxd8 24. Rxd7 Qxd7 25. Rxd7 Rc2 26. Rd2
Rxd2 27. Nxd2 Kf8 28. Kf1 Ke7 29. f4 Ke6 30. Ke2 Kf5 31. g3 g5 32. Kf3 gxf4 33.
gxf4 b5 34. Ne4 a5 35. a3 h5 36. h4 1-0

[Event "Bernadette Stokes Cup 2019"]
[Site "?"]
[Date "2019.07.23"]
[Round "3.6"]
[White "Subramaniam, Ananth"]
[Black "Davies, Tom"]
[Result "1/2-1/2"]
[WhiteElo "1070"]
[BlackElo "1079"]
[PlyCount "145"]
[EventDate "2019.??.??"]

1. e4 d5 2. exd5 Qxd5 3. Nc3 Qa5 4. Nf3 Nf6 5. d3 Bg4 6. Be2 e6 7. O-O Nc6 8.
h3 Bh5 9. a3 O-O-O 10. Be3 Bxf3 11. Bxf3 Nd4 12. Re1 Nxf3+ 13. Qxf3 Kb8 14. b4
Qh5 15. Qxh5 Nxh5 16. Rad1 Bd6 17. Nb5 b6 18. Nxd6 Rxd6 19. g4 Nf6 20. c4 Rhd8
21. d4 e5 22. d5 c6 23. c5 bxc5 24. bxc5 Rxd5 25. Rxd5 cxd5 26. Rb1+ Kc7 27.
Bd2 Kc6 28. Ba5 Rd7 29. Re1 Re7 30. Rd1 d4 31. Kg2 Re6 32. Bb4 Kd5 33. Rc1 Rc6
34. Kg3 e4 35. Kf4 d3 36. f3 exf3 37. Kxf3 Ne4 38. Ke3 d2 39. Bxd2 Nxd2 40.
Kxd2 Rxc5 41. Rf1 f6 42. Rf3 Kc6 43. Re3 Re5 44. Rc3+ Kb6 45. Rb3+ Rb5 46. Rf3
Ka5 47. Kc2 Kb6 48. Kd2 a5 49. Kc2 a4 50. Kd2 Ka5 51. Kc2 h6 52. Kd2 Rb3 53.
Rxb3 axb3 54. Kc3 Ka4 55. Kb2 g6 56. h4 f5 57. h5 f4 58. hxg6 f3 59. g7 f2 60.
g8=Q f1=Q 61. Qxb3+ Ka5 62. Qb4+ Ka6 63. Qa4+ Kb6 64. Qb4+ Kc6 65. Qc3+ Kd6 66.
Qb4+ Ke6 67. Qb3+ Kd6 68. Qb6+ Ke5 69. Qb8+ Ke6 70. Qe8+ Kd6 71. Qd8+ Ke6 72.
Qe8+ Kd6 73. Qg6+ 1/2-1/2